000 00508nam a2200217Ia 4500
005 20250425162236.0
008 250425s9999 xx 000 0 und d
041 _aspa
082 _a620.13
245 0 _aCEMENTOS, HORMIGONES, CORROSIONES Y ADITIVOS
250 _a1A ED.
260 _aEcuador
_bESPOL
_c1985
260 _aGUAYAQUIL
_bESPOL
300 _a97
650 _aCORROSION
650 _aCURADO
650 _aFUNDICION
650 _aLIXIVIADOS DE RAQUIS
942 _c01
010 _a58564
999 _c225265
_d225265